12 Worst States to Retire In - Statistics

General Stats
  • This quiz has been taken 1,374 times
  • The average score is 7 of 12
Answer Stats
Hint Answer % Correct
5 New York
82%
11 California
80%
10 Alaska
72%
4 Hawaii
67%
2 New Jersey
60%
1 Louisiana
56%
9 New Mexico
52%
6 Arkansas
51%
3 West Virginia
49%
7 Kentucky
46%
12 Oklahoma
46%
8 Rhode Island
43%
No matching quizzes found
Score Distribution
Percent of People with Each Score
Percentile by Number Answered
Your Score History
You have not taken this quiz